000 00852cam a2200253 a 4500
005 20131114055746.0
008 950328s1995 enka 001 0 eng
020 _a0582081157
041 0 _aeng
080 _a339.923
100 1 _aBarnes, Ian,
_d1945-
245 1 4 _aThe enlarged European Union /
_cIan Barnes and Pamela M. Barnes.
260 _aLondon ;
_aNew York :
_bLongman,
_c1995.
300 _axi, 419 p. :
_bill. ;
_c25 cm.
504 _aIncludes bibliographical references and index.
610 2 0 _aUnioni Europian
650 0 _aTegëtia ekonomike ndërkombëtare
650 0 _aPolitika Ekonomike
651 0 _aEuropean Union countries
_xPolitika dhe qeverisja
651 0 _aEuropean Union countries
_xPolitika Ekonomike
651 0 _aEuropean Union countries
_xPolitika sociale
700 1 _aBarnes, Pamela M.,
_d1950-
942 _2udc
_cBK
999 _c309
_d309